00641nam a22002057a 450000500170000001000130001702000220003003500130005203700160006504000120008108200160009324500800010924600060018926000410019527000590023630000200029565000660031565000360038170000180041720170124110006.0 aA-326626 c00.00a8170500524 aA-326626 bCen Lib/Ret aDPLbEN a327.54bHAK aNehru vision of peace and security in nuclear age /cedited by P. N. Haksar b  bPatriot Publishers c1987aNew Delhi aLink House, Bahadur Shah Zafar MargbNew Delhie110002 a296p.c22cm(Hb) aNehru, Jawaharlal, -- 1889-1964 -- Political and social views aNehru, Jawaharlal, -- 1889-1964 aHaksar, P. N.